LIBRARY & INFORMATION CENTRE, KCAET, TAVANUR

ONLINE PUBLIC ACCESS CATALOGUE (OPAC)

Management of rural energy systems / (Record no. 9118)

MARC details
000 -LEADER
fixed length control field 00436cam a2200169ua 4500
003 - CONTROL NUMBER IDENTIFIER
control field OSt
008 - FIXED-LENGTH DATA ELEMENTS--GENERAL INFORMATION
fixed length control field 241101b |||||||| |||| 00| 0 eng d
041 ## - LANGUAGE CODE
Language code of text/sound track or separate title eng
082 ## - DEWEY DECIMAL CLASSIFICATION NUMBER
Classification number 621.47
Item number PRE/MA
100 ## - MAIN ENTRY--AUTHOR NAME
Personal name Prem, S Satsangi .
245 ## - TITLE STATEMENT
Title Management of rural energy systems /
250 ## - EDITION STATEMENT
Edition statement 1 /
260 ## - PUBLICATION, DISTRIBUTION, ETC. (IMPRINT)
Place of publication Newdelhi :
Name of publisher Galgolia book house ,
Year of publication 1983.
300 ## - PHYSICAL DESCRIPTION
Number of Pages 364 ; .
700 1# - ADDED ENTRY--PERSONAL NAME
Personal name Vinayshill, Gautam .
942 ## - ADDED ENTRY ELEMENTS (KOHA)
Koha item type Books
Holdings
Withdrawn status Lost status Damaged status Home library Current library Shelving location Date acquired Full call number Accession Number Koha item type
      KAUAET KAUAET Shelf- 7A 07/04/2012 621.47 PRE/MA 15942 Books
free website counter